000 01052aam a2200373 4500
005 20251113185557.0
008 150902b2003 xxu||||| |||| 00| 0 spa d
020 _a497560744
041 _aESP
082 _a617.643 B826m
100 _aBravo González, Luis Alberto
_920557
245 _aManuel de ortodoncia
260 _aEspaña
260 _bEditorial Síntesis
260 _c2003
300 _a703 páginas
300 _bIlustraciones a blanco y negro
490 _aMecánica Dental
650 _aORTODONCIA
650 _aMALOCLUSIÓN
650 _aCRECIMIENTO CRANEOFACIAL
650 _aCLASIFICACIONES DE LAS MALOCLUSIONES
650 _aDESARROLLO DE LA DENTICIÓN
650 _aANÁLISIS CEFALOMÉTRICO
650 _aBIOMECANICA
650 _aTRATAMIENTO ORTODONCICO
650 _aAPARATOS REMOVIBLES
650 _aAPARATOLOGÍA FIJA
650 _aMORDIDA ABIERTA
650 _aBIOLOGIA DEL MOVIMIENTO DENTARIO
650 _aSOBREMORDIDA PROFUNDA
650 _aMALOCLUSIONES TRANSVERSALES
942 _cBK
_2ddc
999 _c727
_d727